000 00527nam a22001697a 4500
003 OSt
005 20140310183107.0
008 130305t xxu||||| |||| 00| 0 eng d
020 _a9717420823
050 _aDS 688.D3
_b.T58 2003
100 _aTiu, Macario D.
245 _aDavao 1890-1910 :
_bconquest and resistance in the garden of the Gods /
_cMacario D. Tiu
260 _aQuezon City :
_bCenter for Integrative and Development Studies, UP,
_c2003.
300 _a374 p. :
_c22 cm.
942 _2lcc
_cBK
_kFLIR
999 _c18802
_d18802